| 000 | 00666nam a22001577a 4500 | ||
|---|---|---|---|
| 003 | OSt | ||
| 005 | 20151002151615.0 | ||
| 008 | 151002b xxu||||| |||| 00| 0 eng d | ||
| 040 | _cRUA | ||
| 082 | _aAVM អ៊ីវ 1995 B068 Or.1 | ||
| 100 |
_91785 _aអ៊ីវ វណ្ណា |
||
| 245 | _aការសិក្សាអំពីការនិយមចូលចិត្តរបស់ប្រជារាស្រ្ដនៅស្រុកគៀនស្វាយខេត្តកណ្ដាលក្នុងការជ្រើសរើសពូជគោបា | ||
| 260 |
_aPhnom Penh _bRUA _c1995 |
||
| 300 |
_a54p. _bill. _c29cm. |
||
| 942 |
_2ddc _cAVM |
||
| 999 |
_c1686 _d1686 |
||